Hichap Parikshan Bijnan : (Record no. 5958)

MARC details
000 -LEADER
fixed length control field 00581cam a2200205ua 4500
001 - CONTROL NUMBER
control field 6815
005 - DATE AND TIME OF LATEST TRANSACTION
control field 20260515114117.0
008 - FIXED-LENGTH DATA ELEMENTS--GENERAL INFORMATION
fixed length control field 140304n ii |||gr||||Z||||||asm
040 ## - CATALOGING SOURCE
Transcribing agency MAIN
082 ## - DEWEY DECIMAL CLASSIFICATION NUMBER
Classification number 657.45
245 ## - TITLE STATEMENT
Title Hichap Parikshan Bijnan :
Remainder of title Vol. I /
Statement of responsibility, etc. By Purneswar Bordoloi .
250 ## - EDITION STATEMENT
Edition statement 3rd. ed. /
Remainder of edition statement Vol. I.
260 ## - PUBLICATION, DISTRIBUTION, ETC.
Place of publication, distribution, etc. Guwahati:
Name of publisher, distributor, etc. University publication department,
Date of publication, distribution, etc. 1992.
300 ## - PHYSICAL DESCRIPTION
Extent x,256p.
653 ## - INDEX TERM--UNCONTROLLED
Uncontrolled term Accounting
653 ## - INDEX TERM--UNCONTROLLED
Uncontrolled term Hichap Parikshan Bijnan :
700 ## - ADDED ENTRY--PERSONAL NAME
Personal name Bordoloi,Purneswar,
Relator term Author.,
700 ## - ADDED ENTRY--PERSONAL NAME
Personal name Baruah,Hemkanta,
Relator term Author.
942 ## - ADDED ENTRY ELEMENTS (KOHA)
Koha item type Books
Holdings
Withdrawn status Lost status Damaged status Not for loan Home library Current library Shelving location Date acquired Total checkouts Full call number Barcode Date last seen Copy number Price effective from Koha item type
        Naharkatiya College Library Naharkatiya College Library General stacks 09/19/2020   657.45 | BOR 13142 09/19/2020 1 09/19/2020 Books